| 000 | 00965nam a2200265 i 4500 | ||
|---|---|---|---|
| 001 | 000029547 | ||
| 003 | DO-SdBNP | ||
| 005 | 20260305073951.0 | ||
| 007 | ta | ||
| 008 | 110418s1985 dr r 000 0 spa d | ||
| 040 |
_aDO-SdBNP _bspa _cBNPHU _erda |
||
| 082 |
_axxxx _bM938s _222 |
||
| 100 | 1 |
_aMoya Pons, Frank, _d1944- _92095 |
|
| 245 | 1 | 3 |
_aLa sociedad dominicana contemporánea : _bnuevos rasgos estructurales / _cFrank Moya Pons. |
| 264 | 1 |
_aSanto Domingo : _bCENAPEC, _c1985. |
|
| 300 |
_a23 páginas _c22 cm. |
||
| 336 |
_2rdacontent _atexto _btxt |
||
| 337 |
_2rdamedia _asin mediación _bn |
||
| 338 |
_2rdacarrier _avolumen _bnc |
||
| 500 | _aAsociación de egresados de UNAPEC, Salón La Mancha, Hotel Lina, 13 de diciembre de 1984. | ||
| 500 | _aEl ejemplar numero 2, tiene algunas diferencias, como: color de portada, paginación y no tiene los títulos centrales. | ||
| 590 | _aInventariado, 2023/ YL | ||
| 910 | _aYLockward | ||
| 942 |
_2ddc _cLF2 |
||
| 999 |
_c29039 _d29039 |
||